000 01174nam a22003497a 4500
003 CHAP
005 20220329134200.0
008 971013s1971 r 00010 d
010 _a16649
011 _a17621
035 _a21704
040 _cCHAP
082 _a628.1
_bH6
100 0 0 _aHowe, Charles W.
_956492
245 _aInterbasin transfers of water; economic issues and impacts
260 _aBaltimore :
_bJohns Hopkins,
_c1971
300 _a196 p.
_b: mapas
590 _aBATCH-UPD
_b10
_c20130109
_lUCH01
_h2326
590 _aBATCH-UPD
_b10
_c20130110
_lUCH01
_h1317
590 _aBATCH-UPD
_b10
_c20130410
_lUCH01
_h0828
590 _aBATCH-UPD
_b10
_c20130914
_lUCH01
_h0305
590 _aCONVERSION
_b10
_c20130109
_lUCH01
_h1310
650 1 4 _aAgua para irrigacion.
_92430
650 1 4 _aAgua
_xAbastecimiento.
_92223
650 1 4 _aAgua
_xConservacion.
_92319
650 1 4 _aIrrigación
_xProyectos.
_960443
700 0 _aResources for the Future, Inc. Washington.
_996162
901 _aBK
942 _cLIBRO
949 _a628.1 H6
_bBC
_cLIBRO
_d33724000023602
_eLIBRO
_fc.2
_h29945
_i21704
_si
949 _a628.1 H6
_bBC
_cLIBRO
_d33724000023610
_eLIBRO
_h15879
_i21704
_mD
_si
999 _c16649
_d16649